| 000 | 00000nam 2200000za 4500 |
| 001 | 9.676727 |
| 003 | CaOODSP |
| 005 | 20250328140606 |
| 007 | cr ||||||||||| |
| 008 | 150407|2014||||xxc|||||o f|0| 0 spa d |
| 020 | |a978-0-662-03820-7 |
| 040 | |aCaOODSP|beng |
| 043 | |an-cn--- |
| 086 | 1 |aHP35-44/2014Spa-PDF|zHP35-44/2014Sp-PDF |
| 110 | 2 |aPublic Health Agency of Canada. |
| 245 | 10|a[Toward health equity : |h[electronic resource]|bCanadian approaches to the health sector role]. |
| 246 | 1 |aHacia la equidad en materia de salud - enfoques canadienses sobre el papel del sector de la salud |
| 250 | |a[Spanish edition]. |
| 260 | |aOttawa - Ontario : |bPublic Health Agency of Canada. |cApril 2014. |
| 300 | |a47p.|breferences, tables |
| 500 | |aIssued also in English under title: Toward health equity: Canadian approaches to the health sector role. |
| 546 | |aText in Spanish. |
| 590 | |a15-05|b2015-01-30 |
| 775 | 08|tToward health equity : |w(CaOODSP)9.699208 |
| 792 | |t[Vers l'équité en santé : |efre|w(CaOODSP)9.676728 |
| 856 | 40|ahttp://publications.gc.ca|qPDF|s650 KB|uhttps://publications.gc.ca/collections/collection_2015/aspc-phac/HP35-44-2014-spa.pdf |
| 986 | |aPub. : 140049 |